000 01058nac a22003017a 4500
001 BR7703715
003 BR-BrBNA
005 20240105114111.0
008 230509b bl.|||m| |||| 00| 0 por d
040 _aBR-BrBNA
_bpor
_cBiblioteca Nacional de Agricultura
072 _aE70
090 _a9120 BR7703715
110 1 _aMinisterio das Relacoes Exteriores, Brasilia, DF (Brasil). Depto. de Promocao Comercial;
_97087
110 1 _aInstituto de Planejamento Economico e Social, Brasilia, DF (Brasil)
_96238
245 1 _aRepublica Federal da Alemanha: Aspargos em conserva [Asparagus officinalis; Mercado internacional]
260 3 _aBrasilia, DF (Brasil):
_c1977.
300 _a68 p.
490 _aMercados para o Brasil. Estudos Especiais (Brazil)
_vno. 111
_x
500 _a13 tables; Summary (En)
650 _aComercializacao
650 _aAspargo
650 _aConserva
650 _aMercado internacional
650 _aComercio exterior
650 _aTarifa
909 _a202312
_bLúcia Elande
_c55
_dLúcia Elande
942 _2AGRIS
_n0
_cMS
999 _c267393
_d267393